000 00411nam a22001697a 4500
003 NUST - PNEC
005 20170116181152.0
008 151205b xxu||||| |||| 00| 0 eng d
020 _a-
040 _cLIBRARY
082 _a485 LAI
100 _915553
_amir laik ali
245 _aTragedy of Hyderabad
_cAli mir laik
260 _cc1962.
650 _915554
_aIndia--Hyderabad
_xGeneral
942 _2ddc
_cBK
999 _c71015
_d71015